00234nam a2200109 4500020001800000082001600018100001600034245002500050260002400075300000800099650001700107 a9780723430124 a574.192 BAY aJohn Baynes aMedical Biochemistry aLondonbMosbyc1999 a565 aBiochemistry